Sida, cáncer, parkinson : nuevos descubrimientos de prevención y curación /

Se presentan avances técnicos en el tratamiento de diversos padecimientos, desarrollados por los servicios de salud e investigación en medicina en Cuba.

-д хадгалсан:
Номзүйн дэлгэрэнгүй
Үндсэн зохиолч: Dieterich, Heinz (autor)
Формат: Ном
Хэл сонгох:испани
Хэвлэсэн: México : Planeta, 1997, c1997
Цуврал:(Documento Planeta)
Нөхцлүүд:
Шошгууд: Шошго нэмэх
Шошго байхгүй, Энэхүү баримтыг шошголох эхний хүн болох!

MARC

LEADER 00000nam^a2200000^a^4500
001 000051677
005 20250521000000.0
009 20260310090327.718
020 |a 968-406-698-8 
037 |a Acervo ITESO - Biblioteca 
041 |a ESP 
082 |a 614. 599  |b DIE 
100 |a Dieterich, Heinz  |e (autor) 
245 1 0 |a Sida, cáncer, parkinson :  |b nuevos descubrimientos de prevención y curación /  |c H. Dieterich. 
264 4 |a México :  |b Planeta,  |c 1997, c1997 
300 |a 159 p. 
336 |a texto  |b txt  |2 rdacontenido 
337 |a sin mediación  |b n  |2 rdamedio 
338 |a volumen  |b nc  |2 rdasoporte 
440 1 |a (Documento Planeta) 
520 |a Se presentan avances técnicos en el tratamiento de diversos padecimientos, desarrollados por los servicios de salud e investigación en medicina en Cuba. 
649 |a XX 
650 |a Investigación Médica -  |z Cuba 
650 |a Hospitales -  |z Cuba 
650 |a Enfermedades -  |x Prevención 
650 |a Vacunas 
650 |a Ingeniería Biomédica 
650 |a SIDA 
650 |a Mal de Parkinson 
650 |a Cáncer 
910 |a Fondo General 
920 |a Impresos - Libros 
930 |a Colección General 
905 |a 101 
901 |a 0500008691  |b IT1  |c ACC  |u 20250521 
902 |a https://opac.biblio.iteso.mx/vufind/Record/000051677